Political thought in England : Bacon to Halifax /
Obra en cinco volúmenes, disponibles en Biblioteca el 2, 3 y 5, que trata sobre la configuración del pensamiento político de Inglaterra, desde el siglo XVI hasta principios del siglo XX. Título de cada volumen: V. 1 Tyndale to Hooker; V. 2 Bacon to Halifax; V. 3 Locke to Bentham; V. 4 Bentham to J.S...
Tallennettuna:
| Päätekijä: | |
|---|---|
| Aineistotyyppi: | Kirja |
| Kieli: | englanti |
| Sarja: | (Home University Library of Modern Knowledge ;
96) |
| Aiheet: | |
| Tagit: |
Ei tageja, Lisää ensimmäinen tagi!
|
MARC
| LEADER | 00000nam^a2200000^a^4500 | ||
|---|---|---|---|
| 001 | 000315125 | ||
| 005 | 20250521000000.0 | ||
| 009 | 20260310113236.686 | ||
| 037 | |a Acervo Xavier Clavigero | ||
| 041 | |a ING | ||
| 082 | |a 320. 942 |b POL V. 2 | ||
| 100 | |a Gooch, G.P. |e (autor) | ||
| 240 | 1 | 1 | |a [Political thought in England] |
| 245 | 1 | 0 | |a Political thought in England : |b Bacon to Halifax / |c G.P. Gooch. |
| 264 | |a Londres, Inglaterra : |b Oxford University, |c 1960 | ||
| 300 | |a 200 p. | ||
| 336 | |a texto |b txt |2 rdacontenido | ||
| 337 | |a sin mediación |b n |2 rdamedio | ||
| 338 | |a volumen |b nc |2 rdasoporte | ||
| 440 | 1 | |a (Home University Library of Modern Knowledge ; |v 96) | |
| 520 | |a Obra en cinco volúmenes, disponibles en Biblioteca el 2, 3 y 5, que trata sobre la configuración del pensamiento político de Inglaterra, desde el siglo XVI hasta principios del siglo XX. Título de cada volumen: V. 1 Tyndale to Hooker; V. 2 Bacon to Halifax; V. 3 Locke to Bentham; V. 4 Bentham to J.S. Mill; V. 5 1848 to 1914. La presente obra corresponde al V. 2. | ||
| 649 | |a XX | ||
| 650 | |a Filosofía Política - |z Inglaterra | ||
| 650 | |a Política - |z Inglaterra - |x Historia - |y Estuardos, 1603-1649 | ||
| 650 | |a Política - |z Inglaterra - |x Historia - |y Interregno, 1649-1660 | ||
| 650 | |a Política - |z Inglaterra - |x Historia - |y Restauración, 1660-1688 | ||
| 650 | |a Política - |z Inglaterra - |x Historia - |x Tema Principal | ||
| 650 | |a Política - |x Teoría | ||
| 650 | |a Inglaterra - |x Historia - |y Estuardos, 1603-1649 | ||
| 650 | |a Inglaterra - |x Historia - |y Interregno, 1649-1660 | ||
| 650 | |a Inglaterra - |x Historia - |y Restauración, 1660-1688 | ||
| 650 | |a Bacon, Francis | ||
| 650 | |a Hobbes, Thomas | ||
| 650 | |a Milton, John | ||
| 650 | |a Harrington, James | ||
| 650 | |a Savile, George, Marqués de Halifax | ||
| 910 | |a Fondo General | ||
| 920 | |a Impresos - Libros | ||
| 930 | |a Colección General | ||
| 905 | |a 101 | ||
| 901 | |a 0500202106 |b IT1 |c ACC |u 20250521 | ||
| 902 | |a https://opac.biblio.iteso.mx/vufind/Record/000315125 | ||